00546nam a2200181 a 45000010010000000030011000100080041000210350026000620820016000881000021001042450026001252600043001516500031001949420012002259520092002379980020003299990015003490000-9344ELIB.Books110520 0000  a(ELIB.Books)0000-9496 a261.1 bPow aPowell Sidney W. aWhere Are The People? bNew York: Abindon- Cokesbury Press c0 aChristian Church - Society 2ddccBK 00102ddc4070aKBTSbKBTSd2011-05-20l0p642631r2022-01-22 00:00:00w2022-01-22yBK cbate2011-05-20 c9344d9344